Formula One Race Wins by Country - Statistics

General Stats
  • This quiz has been taken 2,082 times
  • The average score is 20 of 23
Answer Stats
Wins Country % Correct
323 United Kingdom
100%
179 Germany
99%
81 France
97%
101 Brazil
96%
35 Spain
96%
43 Italy
95%
33 United States
95%
67 Netherlands
94%
52 Australia
92%
38 Argentina
90%
57 Finland
90%
17 Canada
89%
8 Mexico
89%
41 Austria
88%
12 Sweden
85%
11 Belgium
84%
1 Poland
79%
12 New Zealand
78%
7 Monaco
77%
7 Switzerland
74%
10 South Africa
71%
7 Colombia
69%
1 Venezuela
57%
No matching quizzes found
Score Distribution
Percent of People with Each Score
Percentile by Number Answered
Your Score History
You have not taken this quiz